United nation and human rights / (Record no. 126687)

MARC details
000 -LEADER
fixed length control field 00671nam a22002297a 4500
005 - DATE AND TIME OF LATEST TRANSACTION
control field 20170124110013.0
010 ## - LIBRARY OF CONGRESS CONTROL NUMBER
LC control number 110628
020 ## - INTERNATIONAL STANDARD BOOK NUMBER
Terms of availability 00.00
035 ## - SYSTEM CONTROL NUMBER
System control number 110628
037 ## - SOURCE OF ACQUISITION
Source of stock number/acquisition Cen Lib/Ret
040 ## - CATALOGING SOURCE
Original cataloging agency DPL
Language of cataloging EN
082 ## - DEWEY DECIMAL CLASSIFICATION NUMBER
Classification number 341.13
Item number GRE
100 ## - MAIN ENTRY--PERSONAL NAME
Personal name Green, James Frederick
9 (RLIN) 18186
245 ## - TITLE STATEMENT
Title United nation and human rights /
Statement of responsibility, etc by James Frederick Green
260 ## - PUBLICATION, DISTRIBUTION, ETC. (IMPRINT)
Place of publication, distribution, etc Washington, D.C.
Name of publisher, distributor, etc The Brookings Institution
Date of publication, distribution, etc 1956
270 ## - ADDRESS
City Washington, D.C.
300 ## - PHYSICAL DESCRIPTION
Extent viii, 194p.
Dimensions 19cm(Hb)
500 ## - GENERAL NOTE
General note Includes appendix
650 ## - SUBJECT ADDED ENTRY--TOPICAL TERM
Topical term or geographic name as entry element Human rights
9 (RLIN) 18187
650 ## - SUBJECT ADDED ENTRY--TOPICAL TERM
Topical term or geographic name as entry element History
General subdivision United nation
9 (RLIN) 18188
942 ## - ADDED ENTRY ELEMENTS (KOHA)
Source of classification or shelving scheme Dewey Decimal Classification
Koha item type English Books
Classification part 341.13
Call number suffix GRE
Holdings
Withdrawn status Lost status Damaged status Not for loan Home library Current library Date acquired Source of acquisition Cost, normal purchase price Total Checkouts Total Renewals Full call number Barcode Date last seen Date checked out Copy number Cost, replacement price Price effective from Koha item type
        Central Library Central Library 26/06/2015 Cen Lib/Ret 0.00 1 1 341.13 GRE 110628 16/01/2019 18/12/2018 1 0.00 26/06/2015 English Books

© Delhi Public Library
Hit Counter
free hit counter